000 00520nam a2200193Ia 4500
003 OSt
005 20200803140049.0
008 190216s9999||||xx |||||||||||||| ||und||
020 _a9780070856134
040 _coclc
082 _a515
_bRUD/P
100 _aRudin, Walter
_93732
245 0 _aPrinciples Of Mathematical Analysis /
_cWalter Rudin
250 _a3rd Ed.
260 _bMcgraw -hill,
_c1976.
300 _a342p
650 _aMathematics
942 _cBK
_2ddc
_h515
_iRUD/P
_k515
_mRUD/P
999 _c30649
_d30649